000 00686nam a2200193Ia 4500
003 GCL
008 140319s9999 xx 000 0 ara d
040 _aGCL /
_cGCL
082 0 4 _aق
_b953.048
_bا ف
100 1 _aمحمد صبيح
245 1 0 _aفتوح مصر وأخبارها /
_cمحمد صبيح
700 1 _aابى القاسم عبدالرحمن بن عبدالله بن عبدالحكم
260 _aالقاهرة :
_bمؤسسة دار التعاون للطبع والنشر ،
_c1974
300 _a266 ص ؛
_c26 سم
650 0 4 _aالفتوحات الاسلامية
650 0 4 _aفتح مصر
650 0 4 _aمصر - الفتح الاسلامى
942 _2ddc
_cBK
999 _c52975
_d52975